000 01056nam a2200301 i 4500
001 000027121
003 DO-SdBNP
005 20251008142745.0
007 ta
008 110329s1979 dr 000 | spa d
040 _aDO-SdBNP
_bspa
_cBNPHU
_erda
041 _aspa
049 _aBNPD
082 4 _axxx
_bxxx
_222
100 1 _aGómez Michel, Fiume de,
_d1941-
_eautor
_4aut.
_922477
245 1 0 _aManual de literatura dominicana y américana :
_bpara el 6to. curso de reforma. Antología, análisis y comentarios /
_cFiume Gómez de Michel.
264 1 _aSanto Domingo :
_bAlfa y Omega,
_c1979.
300 _a511 páginas ;
_c27 cm.
336 _atexto
_btxt
_2rdacontent
337 _asin mediación
_bn
_2rdamedia
338 _avolumen
_bnc
_2rdacarrier
500 _aIncluye datos biográficos de la autora en la contracubierta.
500 _aIncluye índice de autores y las obras citadas en el texto.
500 _aIncluye bibliografía por índice de autores.
590 _aInventariado, 2020/ YL
910 _aYLockward
942 _2ddc
_cLBS1
999 _c26613
_d26613